Score 0/75 Timer 04:00
5 Plays Today
% Correct
→Name the four
99.7%
$10,000
99.7%
planets that
99.7%
are nearest
99.7%
to the sun.
99.7%
Mars (R)
98.7%
Earth (H)
98.4%
Venus (Y)
97.9%
Mercury (7)
97.2%
$10,000
94.8%
Δ $10,000 WINNER Δ
94.8%
→Name the first
94.8%
four U.S.
94.8%
Presidents.
94.8%
(then the code)
94.8%
Washington (U)
93.5%
Adams (9)
89.6%
Jefferson (8)
89.2%
Δ $10,000 WINNER Δ
83.9%
Madison (L)
83.5%
Genesis (S)
79.7%
Exodus (A)
75%
Leviticus (V)
72.4%
Numbers (5)
71.6%
Δ $10,000 WINNER Δ
70.1%
ΔΔΔΔΔΔΔΔΔΔΔΔΔΔΔΔΔΔΔΔ
69.2%
China (T)
69.2%
ΔΔΔΔΔΔΔΔΔΔΔΔΔΔΔΔΔΔΔΔ
68.5%
United States (3)
68.5%
ΔΔΔΔΔΔΔΔΔΔΔΔΔΔΔΔΔΔΔΔ
67.2%
India (B)
67.2%
ΔΔΔΔΔΔΔΔΔΔΔΔΔΔΔΔΔΔΔΔ
56.8%
Δ $20,000 WINNER Δ
56.8%
→Name what are
56.8%
called the four
56.8%
'Great Tragedies'
56.8%
of Shakespeare.
56.8%
ΔΔΔΔΔΔΔΔΔΔΔΔΔΔΔΔΔΔΔΔ
56.2%
% Correct
Indonesia (G)
56.2%
ΔΔΔΔΔΔΔΔΔΔΔΔΔΔΔΔΔΔΔΔ
51.6%
Hamlet (2)
51.6%
ΔΔΔΔΔΔΔΔΔΔΔΔΔΔΔΔΔΔΔΔ
49.2%
Macbeth (F)
49.2%
ΔΔΔΔΔΔΔΔΔΔΔΔΔΔΔΔΔΔΔΔ
47.9%
Othello (Q)
47.9%
ΔΔΔΔΔΔΔΔΔΔΔΔΔΔΔΔΔΔΔΔ
45.5%
King Lear (K)
45.5%
ΔΔΔΔΔΔΔΔΔΔΔΔΔΔΔΔΔΔΔΔ
41.8%
ΔΔΔΔΔΔΔΔΔΔΔΔΔΔΔΔΔΔΔΔ
41.8%
ΔΔΔΔΔΔΔΔΔΔΔΔΔΔΔΔΔΔΔΔ
41.8%
ΔΔΔΔΔΔΔΔΔΔΔΔΔΔΔΔΔΔΔΔ
41.8%
ΔΔΔΔΔΔΔΔΔΔΔΔΔΔΔΔΔΔΔΔ
41.8%
ΔΔΔΔΔΔΔΔΔΔΔΔΔΔΔΔΔΔΔΔ
41.8%
ΔΔΔΔΔΔΔΔΔΔΔΔΔΔΔΔΔΔΔΔ
41.8%
ΔΔΔΔΔΔΔΔΔΔΔΔΔΔΔΔΔΔΔΔ
41.8%
ΔΔΔΔΔΔΔΔΔΔΔΔΔΔΔΔΔΔΔΔ
41.8%
ΔΔΔΔΔΔΔΔΔΔΔΔΔΔΔΔΔΔΔΔ
41.8%
ΔΔΔΔΔΔΔΔΔΔΔΔΔΔΔΔΔΔΔΔ
41.8%
↓↓ LOOK DOWN ↓↓
41.7%
Δ $20,000 WINNER Δ
41.7%
ΔΔΔΔΔΔΔΔΔΔΔΔΔΔΔΔΔΔΔΔ
36.2%
ΔΔΔΔΔΔΔΔΔΔΔΔΔΔΔΔΔΔΔΔ
36.2%
‘Red One’ (9)
36.2%
ΔΔΔΔΔΔΔΔΔΔΔΔΔΔΔΔΔΔΔΔ
35.8%
ΔΔΔΔΔΔΔΔΔΔΔΔΔΔΔΔΔΔΔΔ
35.8%
‘Blue One’ (7)
35.8%
ΔΔΔΔΔΔΔΔΔΔΔΔΔΔΔΔΔΔΔΔ
35.7%
ΔΔΔΔΔΔΔΔΔΔΔΔΔΔΔΔΔΔΔΔ
35.7%
‘Green One’ (X)
35.7%
ΔΔΔΔΔΔΔΔΔΔΔΔΔΔΔΔΔΔΔΔ
34.1%
ΔΔΔΔΔΔΔΔΔΔΔΔΔΔΔΔΔΔΔΔ
34.1%
ΔΔΔΔΔΔΔΔΔΔΔΔΔΔΔΔΔΔΔΔ
34.1%
ΔΔΔΔΔΔΔΔΔΔΔΔΔΔΔΔΔΔΔΔ
34.1%
Δ $100,000 Δ
34%
Δ WINNER Δ
34%

You're not logged in!

Compare scores with friends on all Sporcle quizzes.
OR
Log In

Sporcle TV

Today on Sporcle TV


Watch our educational content, quiz creation guides, and fun videos on Sporcle TV.

Show Comments

Extras

Top Quizzes Today


Score Distribution

Paid Content

Your Account Isn't Verified!

In order to create a playlist on Sporcle, you need to verify the email address you used during registration. Go to your Sporcle Settings to finish the process.

Report this User

Report this user for behavior that violates our Community Guidelines.

Details: